2025 AFL All-Australian Team - Statistics

General Stats
  • This quiz has been taken 57 times
    8 since last reset
  • The average score is 20 of 23
Answer Stats
Position Club Answer % Correct
DEF Brisbane Harris Andrews
100%
FWD Hawthorn Jack Gunston
100%
DEF Hawthorn Josh Battle
100%
INT Western Bulldogs Marcus Bontempelli
100%
RUCK Melbourne Max Gawn
100%
DEF St Kilda Nasiah Wanganeen-Milera
100%
INT Collingwood Nick Daicos
100%
DEF Western Bulldogs Bailey Dale
86%
MID Geelong Bailey Smith
86%
INT Fremantle Caleb Serong
86%
Coach Brisbane Chris Fagan
86%
MID (vc) Western Bulldogs Ed Richards
86%
MID Brisbane Hugh McCluggage
86%
FWD Sydney Isaac Heeney
86%
FWD Geelong Jeremy Cameron
86%
MID Adelaide Jordan Dawson
86%
FWD Melbourne Kysaiah Pickett
86%
INT Gold Coast Matt Rowell
86%
MID (c) Gold Coast Noah Anderson
86%
FWD Adelaide Riley Thilthorpe
86%
DEF GWS Sam Taylor
86%
DEF Fremantle Jordan Clark
71%
FWD Brisbane Zac Bailey
71%
No matching quizzes found
Score Distribution
Percent of People with Each Score
Percentile by Number Answered
Your Score History
You have not taken this quiz since the last reset